[Event "SK Landau-Dingolfing 1-SK Freising 1"]
[Site "?"]
[Date "2025.01.12"]
[Round "5.3"]
[White "Belz, Frank-Martin"]
[Black "Schultes, Christoph"]
[Result "1/2-1/2"]
[WhiteElo "2057"]
[BlackElo "1980"]
[Annotator "Stockfish 17"]
[PlyCount "155"]
[EventDate "2025.??.??"]
[WhiteTeam "SK Freising 1"]
[BlackTeam "SK Landau-Dingolfing 1"]

{[%evp 11,155,39,40,31,32,31,57,63,59,25,70,19,77,2,-4,-15,-17,-24,-21,-20,-23,
-37,-33,-75,-73,-87,-83,-80,-78,-88,-82,-90,-91,-86,-70,-70,26,-26,-14,-31,-31,
-39,-39,-34,-41,-43,1,-1,19,24,33,4,4,4,7,9,67,55,55,55,67,81,91,95,195,103,
108,86,307,97,105,107,297,290,315,271,270,270,262,287,289,285,249,41,80,41,41,
43,49,42,323,44,46,0,23,23,26,27,25,0,0,0,0,0,0,0,0,0,0,0,0,0,0,0,0,0,0,0,0,0,
0,0,0,0,0,0,0,0,0,0,0,0,0,0,0,0,0,0,0,0,0,0,0,0,0,0]} 1. Nf3 d5 2. e3 Nf6 3. c4
c6 4. Nc3 g6 5. Be2 Bg7 6. O-O O-O 7. h3 dxc4 8. Bxc4 Bf5 9. d4 Ne4 10. Qb3 Nd6
11. Be2 Qb6 12. Qxb6 $11 (12. Qd1 $16) 12... axb6 $11 13. Bd2 Nd7 14. g4 Be6
15. b3 h6 16. Rac1 f5 17. g5 Ne4 18. gxh6 Bxh6 19. Rc2 Nxd2 20. Rxd2 f4 21. e4
Bxh3 22. Rfd1 Bg4 23. Kg2 Bxf3+ $6 (23... Kg7 $15) 24. Kxf3 (24. Bxf3 $14)
24... Kg7 25. Bc4 c5 26. Bb5 cxd4 {[#] Und ...Se5+ würde nun gewinnen.} 27.
Bxd7 ({Jedoch nicht} 27. Rxd4 $2 Ne5+ 28. Kg2 f3+ 29. Kg1 Bf4 $19) 27... dxc3
28. Rc2 Rfd8 $11 29. a4 Ra5 30. Rxc3 Rc5 31. Rcd3 (31. Rxc5 {ist
vielschichtiger.} bxc5 32. e5 e6 33. Rd6 Bg5 34. Bxe6 Rxd6 35. exd6 Kf6 36. Bc8
) 31... Bg5 32. Bb5 Rxd3+ 33. Rxd3 {[%mdl 4096] Endspiel KTL-KTL} e5 (33... Kf6
$142 $11) 34. Rd7+ Kh6 35. Bc4 $1 ({Viel schlechter ist} 35. Rxb7 Rc3+ 36. Kg4
Rxb3 $11) 35... Rc6 36. Kg4 {jetzt Lg8 und aus.} Bf6 37. Rxb7 Rd6 $4 (37... Bd8
$16) 38. Bg8 (38. Bd5 $18) 38... Bg7 $16 39. Bd5 Bf6 $2 (39... f3 $16) 40. Bg8
$2 (40. b4 $18 {gewinnt}) 40... Bg7 41. Bd5 Bf6 $2 (41... f3 $16 {war angesagt.
}) 42. b4 $1 $18 Bg7 43. a5 bxa5 44. bxa5 Ra6 45. Rb5 Rd6 46. Rb1 {[%cal Rb1h1]
} Bf8 47. Ra1 $2 (47. Rh1+ $18 Kg7 48. Rb1) (47. Rb8 Kg7 48. Rb7+ Kh6 49. Rf7
Bg7 50. Ra7 $18) 47... Rd7 $1 $14 48. a6 Bc5 49. f3 Ba7 50. Rc1 Re7 $2 {
[%mdl 8192] [#]} (50... Rh7 $14) 51. Rc8 $2 (51. Rh1+ $1 $18 Kg7 52. Kg5) 51...
Bd4 52. Ra8 (52. Bc6 {ist interessant.} Be3 53. Rh8+ Kg7 54. Rd8 Kh6 55. Bd5)
52... Ra7 (52... Rc7 {fühlt sich spannender an.} 53. Rh8+ Kg7 54. Rg8+ Kh6)
53. Rh8+ Kg7 54. Rg8+ Kh7 $1 55. Ra8 (55. Rb8 {mit weiteren Verwicklungen.}
Rxa6 56. Kg5 Kg7 57. Rc8 Bf2 58. Rg8+) 55... Rxa8 $11 56. Bxa8 $11 {KL-KL} Kg7
57. Bc6 Kf6 58. Bd7 Ba7 59. Bc8 Bd4 60. Kh3 Ke7 61. Kh4 Kf6 62. Kg4 Ba7 (62...
Bc5 {scheint wilder zu sein.} 63. Bb7 Ke7 64. Kg5 Bd4 65. Bd5 Kd7) 63. Kh3 Bd4
64. Kg2 Ke7 65. Kf1 Kd8 66. Be6 Kc7 67. Bf7 g5 68. Kg2 Kb6 69. Bc4 Ka7 70. Kh3
Ba1 71. Kg4 Bb2 72. Kxg5 Ba1 73. Kf5 Bb2 74. Ke6 Ba1 75. Kd5 Bb2 76. Ke6 Ba1
77. Kd5 Bb2 78. Ke6 1/2-1/2

[Event "SK Landau-Dingolfing 1-SK Freising 1"]
[Site "?"]
[Date "2025.01.12"]
[Round "5.4"]
[White "Hirtreiter, Alexander"]
[Black "Zill, Christoph"]
[Result "0-1"]
[WhiteElo "1912"]
[BlackElo "2078"]
[Annotator "Stockfish 17"]
[PlyCount "76"]
[EventDate "2025.??.??"]
[WhiteTeam "SK Landau-Dingolfing 1"]
[BlackTeam "SK Freising 1"]

{[%evp 9,76,51,86,80,90,89,91,-19,-14,-35,30,37,18,-47,-41,-129,-120,-91,-122,
-187,-186,-184,-169,-181,-180,-182,-178,-173,-193,-262,-265,-278,-231,-272,
-222,-218,-216,-250,-249,-318,-333,-345,-287,-463,-459,-462,-420,-593,-225,
-236,-202,-215,-216,-286,-246,-189,-136,-277,-259,-348,-325,-447,-447,-434,
-434,-639,-629,-627,-625]} 1. e4 Nf6 2. e5 Nd5 3. d4 d6 4. f4 Nb6 $6 (4... dxe5
5. fxe5 c5 6. Nf3 cxd4 7. Qxd4 Nc6 $11 {Kupreichik,V-Varga,Z EU-chT Debrecen
1992}) 5. Nf3 Bg4 6. h3 Bxf3 7. Qxf3 $16 dxe5 8. Qxb7 $6 {bringt nichts ein} (
8. dxe5 $16 Qd5 9. Qg3 $16 {bleibt vorne}) 8... exd4 $11 9. Bb5+ N8d7 (9... c6
$1 $15 10. Bxc6+ Nxc6 11. Qxc6+ Qd7 12. Qxd7+ Kxd7) 10. O-O g6 11. f5 $6 (11.
a4 $11 a5 12. Nd2) 11... Bg7 $1 $15 12. Bf4 $6 ({Günstiger ist} 12. f6 $1 $15
exf6 13. Qe4+ Qe7 14. Re1 Qxe4 15. Rxe4+ Kf8 16. Rxd4) 12... O-O $17 13. Bxc7
Qc8 14. Qxc8 (14. Ba6 $17 {war nötig.}) 14... Raxc8 $19 {-1.80} ({Finger weg
von} 14... Rfxc8 15. Bxb6 Nxb6 16. Bd3 $17) 15. Bxb6 Nxb6 16. Bd3 Nc4 17. Bxc4
Rxc4 18. Na3 Rc5 19. fxg6 (19. Rae1 $142 Bf6 20. fxg6) 19... hxg6 ({Schwächer
ist} 19... fxg6 20. Rxf8+ Kxf8 21. Rf1+ Bf6 22. Rf3 $15) 20. Rad1 e5 21. Rf3
Rb8 22. Rb3 Rb6 23. Rxb6 axb6 {[%mdl 4096] Endspiel KTL-KTS} 24. Rd3 e4 {
Schwarz gewinnt} 25. Rb3 Rc6 26. g4 $2 {[#]} (26. Kf1) 26... Bf8 27. Kf2 f5 (
27... Bxa3 28. Rxa3 Rxc2+ $19 {ging natürlich auch}) 28. Nb5 (28. c3 $142 d3
29. c4) 28... Bc5 (28... Rxc2+ $142 29. Ke1 Rc1+ 30. Ke2 d3+ 31. Rxd3 exd3+ 32.
Kxd3 Rh1 33. gxf5 gxf5) 29. gxf5 gxf5 {Weiss muss nun ...f4 beachten.} 30. Rg3+
Kf7 31. b4 Bxb4 32. Nxd4 Rc5 33. a3 (33. Rb3 $17 {kämpft weiter.} Ba5 34. Rb5
Rxb5 35. Nxb5) 33... Bc3 34. Nb3 Rc6 35. Ke2 Be5 {Schwarz steht klar auf
Gewinn.} 36. Rg5 Kf6 37. h4 (37. Rg8 $142 Rxc2+ 38. Kd1) 37... Rxc2+ 38. Kd1
Rc3 0-1

[Event "SK Landau-Dingolfing 1-SK Freising 1"]
[Site "?"]
[Date "2025.01.12"]
[Round "5.5"]
[White "Bauer, Robert"]
[Black "Theiss, Johann"]
[Result "1-0"]
[WhiteElo "2094"]
[BlackElo "1911"]
[Annotator "Stockfish 17"]
[PlyCount "69"]
[EventDate "2025.??.??"]
[WhiteTeam "SK Freising 1"]
[BlackTeam "SK Landau-Dingolfing 1"]

{[%evp 19,69,69,103,107,112,110,169,161,181,164,171,185,185,160,142,148,187,
155,340,335,335,339,340,331,320,332,319,280,320,281,362,297,296,78,76,40,399,
378,421,293,318,76,61,75,62,70,389,174,314,58,29998,29999]} 1. e4 c5 2. Nf3 Nc6
3. d4 cxd4 4. Nxd4 g6 5. c4 Bg7 6. Be3 Nf6 7. Nc3 O-O 8. Be2 d6 9. O-O Bd7 10.
Nc2 a5 (10... Qa5 11. Qd2 Rfc8 12. f3 Ne5 13. c5 {Anand,V-Ljubojevic,L Amber
rapid 1999}) 11. f4 $16 Nb4 12. Nd4 Nc6 $6 {[#]} 13. Ndb5 $1 {+1.60 Weiß
spielt die Eröffnung sehr gut} a4 14. Rc1 Qa5 15. Kh1 Rfc8 16. Bd2 Qd8 17. Be3
Qa5 18. c5 Nb8 $2 (18... Nb4 $16) 19. cxd6 $18 {Weiß steht auf Gewinn} Bxb5
20. Nxb5 Rxc1 21. Qxc1 Nc6 22. e5 Nd5 23. Bc5 Rc8 24. Qd1 exd6 25. Qxd5 (25.
Bg1 {war auch sehr gut}) 25... dxc5 26. Qxc5 {nach bisher sehr starker
Spielführung ein schwacher Zug!} (26. Nd6 $18 Rf8 27. Bc4 (27. Nxb7 Qb6 $18))
(26. Bc4 $18) 26... Bf8 $16 27. Qe3 $14 {der schöne Vorteil ist damit
endgültig verspielt} Nb4 $2 {[%mdl 8192] übersieht die gebotenen Chancen} (
27... Rd8 $14) 28. e6 $18 Qd8 29. f5 {Und weiter mit exf7+ wäre nett.} (29.
exf7+ Kh8 30. f5 {gewinnt schnell}) 29... Qe8 30. Qe4 {wieder ein größeres
Nachlassen in Gewinnstellung} (30. Nd4 $18) (30. exf7+ Qxf7 31. fxg6 Qxg6 $18)
30... gxf5 $16 31. exf7+ Qxf7 32. Qf4 Rc2 $2 {[%mdl 8192]} (32... Qf6 $14) (
32... Nd5 33. Qf3 Qe6 $14) 33. Nc3 (33. Nd4 $142 Rxe2 34. Nxe2) 33... Qd7 (
33... Qg6 {war angesagt.} 34. Qd4 (34. Qxf5 Qxf5 35. Rxf5 Bg7 $11) 34... Qg7
35. Qc4+ Qf7) 34. Bc4+ $2 (34. a3 $18) (34. Bd1 $1 Rxb2 35. Nxa4 $18) 34... Kg7
$2 {[%mdl 8192] [#]} (34... Kh8 $14) 35. Qg5+ 1-0

[Event "SK Landau-Dingolfing 1-SK Freising 1"]
[Site "?"]
[Date "2025.01.12"]
[Round "5.6"]
[White "Huber, Florian"]
[Black "Gruettner, Ralf"]
[Result "0-1"]
[WhiteElo "1820"]
[BlackElo "2041"]
[Annotator "Stockfish 17"]
[PlyCount "64"]
[EventDate "2025.??.??"]
[WhiteTeam "SK Landau-Dingolfing 1"]
[BlackTeam "SK Freising 1"]

{[%evp 12,64,-12,-33,-31,-29,-27,-51,-59,-137,-141,-131,-137,-125,-106,-140,
-81,-200,-187,-292,-299,-308,-305,-419,-402,-415,-386,-386,-388,-377,-404,-337,
-329,-328,-327,-371,-367,-360,-372,-406,-406,-462,-454,-513,-500,-545,-566,
-556,-411,-509,-397,-522,-525,-595,-303]} 1. d4 Nf6 2. Nf3 g6 3. Bg5 Bg7 4.
Nbd2 O-O 5. e4 d6 6. Bd3 c5 7. c3 $6 (7. d5 $11) 7... cxd4 8. Nxd4 Nc6 9. N2b3
$6 {kommt auf Abwege} d5 10. Qe2 $6 (10. O-O $15) 10... Nxd4 11. Nxd4 Nxe4 $17
12. Bxe4 dxe4 13. Qxe4 Qb6 (13... Qa5 $1) 14. Bc1 $2 (14. O-O $17) 14... e5 $1
$19 15. Nf3 (15. Nb3 $142) 15... Bf5 $19 16. Qe3 Qa6 {Schwarz hat mit wenigen
Zügen eine Gewinnstellung erreicht} 17. b3 Rfd8 18. Bb2 Rd3 19. Qc1 {Jetzt
0-0 und Weiss darf weiter klammern.} Bg4 20. O-O Bxf3 21. gxf3 Rxf3 22. c4 Rd8
23. Rd1 Qf6 24. Rxd8+ Qxd8 25. Kg2 Rd3 26. Rb1 Qh4 27. Qf1 Rh3 28. Qh1 Qg4+ 29.
Kf1 Rf3 {[#] Weiss muss nun ...Df5 beachten.} (29... Qf5 $142 $1 30. Rd1 Rd3
$19) 30. Re1 e4 31. Bc1 Bd4 {[%csl Gd4][%cal Rf3f2]} 32. Re2 e3 (32... Qf5 $1)
0-1

[Event "SK Landau-Dingolfing 1-SK Freising 1"]
[Site "?"]
[Date "2025.01.12"]
[Round "5.7"]
[White "Mujdzic, Emir"]
[Black "Fuchsgruber, Helmut"]
[Result "1-0"]
[WhiteElo "1757"]
[BlackElo "1804"]
[Annotator "Stockfish 17"]
[PlyCount "44"]
[EventDate "2025.??.??"]
[WhiteTeam "SK Freising 1"]
[BlackTeam "SK Landau-Dingolfing 1"]

{[%evp 14,44,111,67,99,99,142,130,132,133,126,133,180,160,242,247,279,252,271,
240,300,296,292,276,253,203,249,171,156,160,126,124,584]} 1. d4 c5 2. d5 e6 3.
c4 Nf6 4. Nc3 exd5 5. cxd5 d6 6. e4 Be7 $6 {Schwarz nimmt ein beschwerliches
Spiel auf sich} (6... g6 7. f4 Bg7 8. Bb5+ Nfd7 {lenkt ein in bekannte Bahnen})
7. Be2 $16 (7. f4 O-O 8. Nf3 $16 {geht auch}) 7... O-O 8. Nf3 (8. f4 Re8 9. Nf3
Bg4 10. O-O $16) 8... a6 9. a4 Re8 10. Nd2 Bf8 11. O-O {+1.30 nimmt man das
freiwillig in Kauf?} Nbd7 12. Qc2 Ne5 13. f4 Neg4 {+2.70 der Rubikon ist
überschritten. Das wird Schwarz nicht überstehen} (13... Ned7 $16 14. g4 h6)
14. Nc4 $1 $18 Bd7 15. h3 Nh6 16. e5 (16. g4 $1 {überzeugt mehr}) 16... Bf5
17. Bd3 Bxd3 18. Qxd3 Nd7 19. Ne4 (19. e6 $1 fxe6 20. dxe6 Nf6 (20... Rxe6 $2
21. Qd5) 21. Nd5 $18) 19... dxe5 20. fxe5 Nxe5 21. Nxe5 Rxe5 22. Bxh6 {[#]
Schwarz muss nun d6 beachten.} gxh6 $2 {[%mdl 8192]} (22... Qb6 $16 {ist
zäher.}) 1-0

[Event "SK Landau-Dingolfing 1-SK Freising 1"]
[Site "?"]
[Date "2025.01.12"]
[Round "5.8"]
[White "Zinner, Bernhard"]
[Black "Darlau, Tim"]
[Result "1-0"]
[WhiteElo "1751"]
[BlackElo "1574"]
[Annotator "Stockfish 17"]
[PlyCount "109"]
[EventDate "2025.??.??"]
[WhiteTeam "SK Landau-Dingolfing 1"]
[BlackTeam "SK Freising 1"]

{[%evp 9,109,17,47,35,56,52,52,14,20,-5,12,-46,55,-21,-23,-26,-26,-24,-4,-4,1,
9,46,20,154,103,122,143,385,378,382,365,370,374,358,370,386,382,439,439,431,
433,431,412,409,403,408,405,424,422,416,339,479,483,462,463,493,488,523,488,
525,497,534,514,537,543,578,558,580,573,578,596,607,604,631,607,666,658,660,
660,652,650,636,638,635,613,663,681,649,620,854,827,29987,29982,29981,29982,
29986,29981,29980,29982,819,1253]} 1. d4 Nf6 2. c4 e6 3. Nf3 d5 4. Nc3 Bb4 5.
Qb3 a5 6. Bg5 c6 7. e3 O-O 8. c5 $6 {nicht sehr angebracht} (8. Bd3 $14) 8...
Nbd7 9. Bd3 h6 (9... b6 $132) 10. Bh4 Re8 (10... b6 $1 $15) 11. Bg3 ({
Günstiger ist} 11. a3 $14 Bxc3+ 12. Qxc3) 11... b6 $1 $11 12. cxb6 Qxb6 13.
O-O c5 {[#] zielt auf ...c4 ab.} 14. Na4 Qa7 {Droht ...c4 und aus.} 15. dxc5
Bxc5 $6 (15... Nxc5 $11) 16. Rac1 (16. Rfc1 $16) 16... Be7 $2 (16... Nh5 $11 {
bleibt in der Remisbreite.}) 17. Bb5 {Tc7 ist eine echte Drohung.} (17. Rc7 Qb8
18. Qc2 e5 19. Nxe5 Nxe5 20. Bxe5 Bd7 21. Bg3 $18) 17... Ba6 18. Rc7 $16 Bxb5
$2 {[#]} (18... Qb8 $16 19. Bxd7 Qxb3 20. axb3 Nxd7) 19. Rxa7 $18 Bxa4 20. Rxa8
({Schwächer ist} 20. Qxa4 Rxa7 21. Rc1 Nc5 $16) 20... Bxb3 21. Rxe8+ Nxe8 22.
axb3 Nc5 23. Nd4 Bf6 24. Rc1 Ne4 25. Rc8 Kf8 26. Ra8 $18 Nxg3 27. hxg3 {
[%mdl 4096] Endspiel KTS-KLS} ({Nicht} 27. fxg3 Ke7 $18) 27... Ke7 28. Rxa5 Kd6
29. b4 Nc7 30. b3 e5 (30... Bxd4 $142 31. exd4 Kc6) 31. Nb5+ Nxb5 32. Rxb5 {
KT-KL} d4 33. e4 Be7 34. Kf1 f6 35. Rd5+ Kc6 36. b5+ Kb6 37. Ke2 Bc5 38. Rd7
Kxb5 39. Rb7+ Bb6 40. Rxg7 Ba5 41. Kd3 Be1 42. f4 Kb4 43. Rb7+ Kc5 44. fxe5
fxe5 45. g4 Bh4 46. Rd7 Bg3 47. Rd5+ Kb4 48. Rd6 Bf4 49. g3 Bxg3 50. Rxh6 Kxb3
51. Rb6+ Ka4 52. g5 Ka5 53. Rb1 Bf4 54. g6 Bh6 55. Rh1 1-0

[Event "MTV Ingolstadt 1-SK Starnberg 1"]
[Site "?"]
[Date "2025.01.12"]
[Round "5.1"]
[White "Steinmueller, Stephan"]
[Black "Lechermann, Markus"]
[Result "1-0"]
[WhiteElo "2112"]
[BlackElo "2093"]
[Annotator "Stockfish 17"]
[PlyCount "65"]
[EventDate "2025.??.??"]
[WhiteTeam "SK Starnberg 1"]
[BlackTeam "MTV Ingolstadt 1"]

{[%evp 22,64,-26,-29,0,1,25,10,42,-60,-42,-49,-24,-2,-13,0,71,0,171,163,219,
169,221,203,147,146,159,164,237,214,151,-213,708,719,29993,29994,29994,29995,
29995,29996,29996,29997,29998,29999,29999]} 1. e4 c5 2. Nf3 e6 3. d3 Nc6 4. g3
d5 5. Nbd2 Nf6 6. Bg2 Be7 7. O-O O-O 8. Re1 Qc7 9. e5 Nd7 10. Qe2 b5 11. Nf1
Bb7 12. h4 Rfc8 13. Bf4 Qb6 14. N1h2 c4 15. Ng5 $6 (15. Ng4 $14) 15... cxd3 16.
cxd3 Nd4 17. Qh5 Bxg5 18. hxg5 g6 (18... Nf5 $11 {hält das Gleichgewicht.})
19. Qh6 (19. Qh3 $16) 19... Nc2 $2 {giert nach dem Qualitätsgewinn. Sollte
sich aber um die Verteidigung kümmern} (19... Nf5 $11 20. Qh3 Rc2) 20. Ng4 $18
{Weiss droht Sf6+ und Matt.} Nf8 {zielt auf ...Kh8 ab.} (20... Nxa1 21. Nf6+
Nxf6 22. gxf6 Qxf2+ 23. Kxf2 Rc2+ 24. Re2 Rxe2+ 25. Kxe2 Kh8 26. Qg7#) 21. Nf6+
Kh8 22. Bf3 $1 Nxe1 23. Rxe1 $18 {Droht stark Kg2.} Rc2 24. d4 $1 Qxd4 25. Be3
$40 {[%mdl 128] Weiss greift entschieden an.} Qb4 ({Jedoch nicht} 25... Qxb2 $2
26. Kg2 $18) 26. Rd1 {[#]} (26. Rf1 $1 $16 {Und weiter mit Kg2 wäre nett.} d4
27. Bxb7) 26... Rxb2 $4 {[%mdl 8192] [#]} (26... d4 $1 $19 27. Bxb7 (27. Nh5
gxh5) 27... dxe3 28. Nxh7 (28. Bxa8 $2 {geht unter.} e2 $19) 28... exf2+ 29.
Kg2 Nxh7 30. Bxa8 Kg8) 27. Kg2 $1 {Droht Matt per Th1.} d4 {[#]} 28. Rh1 $1 {
Weiß setzt Matt.} Bxf3+ 29. Kxf3 Rxf2+ 30. Bxf2 Qc3+ 31. Kg4 Qd3 {[#]} 32.
Qxh7+ $3 {[%mdl 512]} Nxh7 33. Rxh7# 1-0

[Event "MTV Ingolstadt 1-SK Starnberg 1"]
[Site "?"]
[Date "2025.01.12"]
[Round "5.2"]
[White "Glawe, Ralf"]
[Black "Gschwendtner, Klaus"]
[Result "1-0"]
[WhiteElo "2003"]
[BlackElo "2015"]
[Annotator "Stockfish 17"]
[PlyCount "83"]
[EventDate "2025.??.??"]
[WhiteTeam "MTV Ingolstadt 1"]
[BlackTeam "SK Starnberg 1"]

{[%evp 15,83,35,38,9,9,5,23,10,20,17,63,16,31,33,37,-33,12,0,13,0,-1,-4,62,-35,
-38,-39,-16,-17,11,0,-5,-37,-34,-60,-35,-63,49,39,43,44,55,41,50,32,133,136,
458,460,445,452,459,446,511,514,546,528,590,586,624,600,600,557,560,549,537,
538,581,588,575,551]} 1. e4 e5 2. Nf3 Nc6 3. Bb5 a6 4. Ba4 d6 5. O-O Bd7 6. c3
g6 7. d4 Bg7 8. Re1 Nf6 9. Bg5 O-O 10. Nbd2 b5 11. Bc2 h6 12. Bh4 Qe8 13. a4
Rb8 14. axb5 axb5 15. Ra6 Bc8 16. Ra1 Nh5 {[%cal Re5d4]} 17. d5 Ne7 {[%cal
Bc6e7,Be7c8,Bc8b6][%mdl 32]} 18. Ra7 Bb7 (18... Rb7 $11 19. Ra8 g5) 19. b4 (19.
Bxe7 $14 Qxe7 20. Nb3) 19... Nc8 $15 20. Ra5 Nf4 21. Bg3 c6 22. dxc6 Qxc6 23.
Qa1 Nb6 24. Bb3 Rbc8 25. h3 $6 (25. Bxf4 exf4 26. Nd4) 25... Qxc3 (25... Nh5
$15) 26. Qxc3 $14 Rxc3 27. Rxb5 Rc6 28. Nd4 exd4 29. Bxf4 Ba6 $2 (29... g5 $142
$14 30. Bg3 Bc8) 30. Ra5 $16 g5 $2 {[%mdl 8192]} (30... Bd3 $16) 31. Rxa6 $18 {
[#] zielt auf b5 ab.Weiß steht klar auf Gewinn.} gxf4 32. b5 {[%cal Bb4b5,
Bb5b6][%mdl 32]} Rc3 33. Rxb6 Rd3 34. Rd1 Rc8 35. Rc6 Ra8 36. b6 {[#] Und b7
würde nun gewinnen.} Rb8 37. Bc4 Rc3 38. Nb1 Rxc4 39. Rxc4 Rxb6 40. Nd2 d3 41.
Nf3 Rb3 42. Ne1 1-0

[Event "MTV Ingolstadt 1-SK Starnberg 1"]
[Site "?"]
[Date "2025.01.12"]
[Round "5.3"]
[White "Szalewa, Sven"]
[Black "Eichschmied, Patrick"]
[Result "1-0"]
[WhiteElo "2061"]
[BlackElo "1995"]
[Annotator "Stockfish 17"]
[PlyCount "49"]
[EventDate "2025.??.??"]
[WhiteTeam "SK Starnberg 1"]
[BlackTeam "MTV Ingolstadt 1"]

{[%evp 9,49,-7,4,9,21,40,85,85,97,90,91,98,88,96,100,92,177,192,190,198,208,
199,221,216,196,237,236,91,296,313,358,282,284,283,329,127,201,108,412,391,491,
314]} 1. d4 Nf6 2. Bf4 d5 3. e3 c5 4. dxc5 e6 5. b4 a5 6. c3 Bd7 7. Nd2 b6 $6 (
7... axb4 8. cxb4 b6 9. cxb6 Bxb4 $11 {war ein besserer Weg}) 8. cxb6 $1 {
Schwarz muss nun bxa5 beachten.Weiß steht besser.} axb4 9. Bc7 $16 Qc8 10.
cxb4 Bxb4 11. Rb1 $36 {[%mdl 2048]} Ra4 12. Ngf3 Ne4 $2 (12... Na6 $16) 13. Qc2
$1 $18 O-O 14. Bd3 $1 Na6 15. O-O $1 Nxd2 16. Nxd2 Nxc7 17. bxc7 Qa8 ({Doch
nicht} 17... Bxd2 $6 18. Rb8 (18. Qxd2 Qxc7 19. Rfc1 Qa7 $11)) 18. Rb2 (18.
Bxh7+ Kh8 19. Bd3 $18) 18... g6 $2 (18... Ba3 $16) 19. Rfb1 Bxd2 20. Qxd2 {
Droht Tb8 und aus.} Qa7 21. Qc2 Rc8 22. Rc1 $2 (22. Rb8 $18 {bietet bessere
Gewinnchancen.} Rxa2 23. Qc6 $3 {[%mdl 576] Ablenkung} Bxc6 24. Rxc8+ Kg7 25.
Rg8+ $3 {[%mdl 576] Hinlenkung, Räumung, Umwandlung} Kxg8 26. c8=Q+ {[%mdl 64]
Doppelangriff} Kg7 27. Qxc6) 22... Ra3 $2 {[#]} (22... Qa5 $16 {war angesagt.}
23. h3 Ra3) 23. Bf1 (23. Qb1 $1 $18) 23... Qa4 $2 {[%mdl 8192]} (23... e5 $16 {
ist zäher.}) 24. Qb1 Qa5 25. Bb5 1-0

[Event "MTV Ingolstadt 1-SK Starnberg 1"]
[Site "?"]
[Date "2025.01.12"]
[Round "5.4"]
[White "Holgert, Michael"]
[Black "Ponater, Michael"]
[Result "1/2-1/2"]
[WhiteElo "2004"]
[BlackElo "2034"]
[Annotator "Stockfish 17"]
[PlyCount "109"]
[EventDate "2025.??.??"]
[WhiteTeam "MTV Ingolstadt 1"]
[BlackTeam "SK Starnberg 1"]

{[%evp 13,109,-14,-12,-96,-95,-97,-33,-57,-58,-104,-106,-102,-99,-99,-100,-179,
-169,-347,-355,-341,-342,-428,-303,-287,-161,-154,-140,-143,-143,-162,-165,
-176,-172,-166,-157,-182,-124,-148,-73,-166,-168,-317,-308,-315,-307,-301,-282,
-347,-331,-328,-280,-303,-285,-329,-324,-452,-456,-463,-451,-462,-464,-464,
-462,-454,-446,-441,-433,-454,-417,-470,-463,-491,-463,-470,-461,-489,-464,
-497,-483,-496,-482,-485,-408,-421,-416,-407,-6,-1,-2,-6,-7,-10,-19,-18,-4,-6,
0,0]} 1. d4 c5 2. d5 d6 3. e4 Nf6 4. Nc3 g6 5. h3 (5. f4 $142 Bg7 6. Bb5+ Bd7
7. e5) 5... Bg7 6. Nf3 O-O 7. Be2 b5 $1 {[%cal Bb7b5,Bb5b4][%mdl 32]} 8. Nd2 $2
(8. Nxb5 $142 $11 Nxe4 9. Nd2) 8... b4 $17 9. Ncb1 Ba6 (9... e6 $17 10. O-O Bb7
) 10. Bxa6 Nxa6 {[%cal Bb8a6,Ba6c7,Bc7e6,Be6d4][%mdl 32]} 11. Qe2 Nc7 $17 12.
O-O e6 13. dxe6 Nxe6 14. Nc4 $2 (14. Nf3 $17 {war einen Versuch wert.}) 14...
Re8 (14... Nd4 $1 15. Qd1 Nxe4 $19) 15. Rd1 $2 (15. Nbd2) 15... Nd4 $19 16. Qd3
Nxe4 {Schwarz steht auf Gewinn} ({Nicht} 16... Rxe4 17. Nbd2 $19) 17. c3 Nf5 (
17... Qh4 $142 18. Be3 d5 $19) 18. Nbd2 {[#]} d5 (18... Nxf2 $142 $1 {[%mdl
512]} 19. Kxf2 d5) 19. Nxe4 dxe4 20. Qxd8 Raxd8 21. Bd2 bxc3 22. Bxc3 Nd4 23.
Kf1 f5 24. Bd2 Kf7 (24... Rf8 $142) 25. Rac1 Re6 $6 {baut den Vorteil ab} 26.
Bf4 (26. Na5 $17) 26... Bf6 27. Nd6+ (27. h4 $142) 27... Rdxd6 $19 (27... Rexd6
28. Bxd6 Rxd6 29. Rxc5 $19 Ke6 {führt zur gleichen Stellung}) 28. Bxd6 Rxd6
29. Rxc5 Ke6 30. Rdc1 Bd8 31. b4 a6 32. Rc8 Kd7 33. R8c4 Bb6 34. Rc8 Nc6 35.
Ra8 {Jetzt a3 und Weiss darf weiter klammern.} Nxb4 36. a3 Nd3 {[%mdl 64] [#]
Doppelangriff} 37. Rc2 Bxf2 38. Rxf2 Nxf2 39. Kxf2 {[%mdl 4096] Endspiel KT-KT}
Ke6 40. a4 f4 41. Re8+ Kf5 42. g4+ fxg3+ 43. Kxg3 Rd3+ 44. Kf2 Ra3 (44... Rxh3
45. Rf8+ Kg4 46. Ra8 h5 {gewinnt leicht}) 45. Rf8+ Kg5 46. h4+ Kg4 {Droht ...
Tf3+ und aus.} 47. Rh8 Rxa4 (47... h5 48. Re8 e3+ 49. Kg2 Ra2+ 50. Kf1 Kxh4 $19
) 48. Rxh7 a5 49. Ke3 Kf5 $2 {versiebt den Gewinn} (49... Rb4 $19 {Weiss muss
nun ...a4 beachten.} 50. Rg7 Rb6 51. Ra7 Kxh4 $19) 50. Rf7+ $11 {Die Stellung
ist ausgeglichen.} Ke6 51. Ra7 Kf6 {Droht stark ...Kf5.} 52. Kf4 e3+ 53. Kxe3
Rxh4 {Und weiter mit ...a4 wäre nett.} 54. Rxa5 Rh5 55. Rxh5 1/2-1/2